| 000 | 00646 a2200241 4500 | ||
|---|---|---|---|
| 001 | 18545 | ||
| 999 |
_c18545 _d2920 |
||
| 003 | TR-AnTOB | ||
| 005 | 20240917151328.0 | ||
| 008 | 041102s2004 tu tur | ||
| 020 | _a9756700645 | ||
| 035 | _a18545 | ||
| 041 | _atur | ||
| 050 |
_aBF575.H27 _bY39 2004 |
||
| 090 | _aBF575.H27 Y39 2004 | ||
| 100 | 1 |
_aYazıcı, Hasan Basri _910573 |
|
| 245 | 0 |
_aHayatı güzel ve anlamlı yaşamak / _cHasan Basri Yazıcı. |
|
| 264 | 1 |
_aİstanbul : _bHayat Yayınları, _c2004 |
|
| 300 |
_a266 p. ; _c21 cm. |
||
| 490 | 0 |
_aHayat Yayınları;156. _aBaşarı Dizisi; 44 |
|
| 500 | _aIncludes bibliographies. | ||
| 902 | _a0004646 | ||
| 942 | _cBK | ||